000 00726nam a22002657a 4500
003 UA-OsUOA
001 24516
007 ta
008 20040220b un ||||| |||| 00| 0 ukr d
100 _aГаухман Л.Д.
090 _a343.24
_bГ24
942 _cBK
040 _aUA-OsUOA
_brus
_cUA-OsUOA
_dUA-OsUOA
245 _aКвалификация преступлений: закон, теория, практика
300 _a448 с.
955 _a0
041 _arus
080 _a343.24
020 _a5-89158-107-8
260 _aМосква
_bАО"Центр ЮрИнфоР"
_c2003
044 _aRU
250 _n2-е изд., перераб. и дополн.
650 7 _2UDC
999 _c310791
_d310791